000
00313nam a2200133Ia 4500
005
20251222155143.0
008
251222s9999||||xx |||||||||||||| ||spa||
082
_a
EBA.65
100
_a
MARRINER TOMEY Ann.
245
0
_a
Modelos y teorÃas de enfermerÃa
250
_a
4ta. ed.
264
_b
Mosby
942
_c
LIB
999
_c
39282
_d
39282